'E' Pictures by Category Quiz Stats

 Plays Quiz Updated Feb 12, 2020

Support Sporcle.
Go Orange.
Score 0/36 Timer 04:00
0 Plays Today
picture e-name % Correct
____________________
100%
____________________
99.9%
____________________
99.9%
____________________
99.9%
____________________
99.9%
____________________
99.9%
Electrician
88.8%
Elvis Impersonator
87.2%
Eclair
81.4%
Emma
71%
Edward
69.3%
Exterminator
68.5%
Elizabeth
67.3%
Eggnog
63%
Executioner
61.8%
Ecuador
61.2%
Enchiladas
60.9%
Elevator Inspector
60.4%
picture e-name % Correct
Escargot
58.4%
Egypt
56.3%
Enterprise Rent-a-Car
55%
Escape Artist
49.7%
Estonia
49.6%
European Union
48%
Emily
46.2%
Emperor
44.9%
Evangelist
43.6%
Eric
42.4%
Expedia
40.1%
E*Trade
39.5%
Endive
38.5%
Eritrea
35.7%
Entomologist
22.5%
Equatorial Guinea
16.9%
Emergency Medical Services
16.5%
Economist
10.6%

You're not logged in!

Compare scores with friends on all Sporcle quizzes.
OR
Log In
Forgot?

From the Vault

USA vs the World in Movies

by JoeBeta

Movies 7m
It's a worldwide showdown of cinematic proportions!
Remove Ads.
Support Sporcle.
Get the best of Sporcle when you Go Orange. This ad-free experience offers more features, more stats, and more fun while also helping to support Sporcle. Thank you for becoming a member.

Show Comments

Extras

Top Quizzes Today


Score Distribution

Your Account Isn't Verified!

In order to create a playlist on Sporcle, you need to verify the email address you used during registration. Go to your Sporcle Settings to finish the process.

Report this User

Report this user for behavior that violates our Community Guidelines.

Details: